The World Book dictionary. (Record no. 184446)
[ view plain ]
| 000 -LEADER | |
|---|---|
| fixed length control field | 00550 a2200205 4500 |
| 003 - CONTROL NUMBER IDENTIFIER | |
| control field | Nust |
| 005 - DATE AND TIME OF LATEST TRANSACTION | |
| control field | 20170207153348.0 |
| 010 ## - LIBRARY OF CONGRESS CONTROL NUMBER | |
| LC control number | 96025617 |
| 020 ## - INTERNATIONAL STANDARD BOOK NUMBER | |
| International Standard Book Number | 0716602970 |
| 035 ## - SYSTEM CONTROL NUMBER | |
| System control number | (DLC) 96025617 |
| 040 ## - CATALOGING SOURCE | |
| Transcribing agency | Nust |
| 082 00 - DEWEY DECIMAL CLASSIFICATION NUMBER | |
| Classification number | 423 |
| 245 04 - TITLE STATEMENT | |
| Title | The World Book dictionary. |
| 246 14 - VARYING FORM OF TITLE | |
| Title proper/short title | Millennium World Book dictionary |
| 246 14 - VARYING FORM OF TITLE | |
| Title proper/short title | World Book millennium |
| 260 ## - PUBLICATION, DISTRIBUTION, ETC. | |
| Place of publication, distribution, etc. | Chicago : |
| Name of publisher, distributor, etc. | World Book, |
| Date of publication, distribution, etc. | c2000. |
| 300 ## - PHYSICAL DESCRIPTION | |
| Extent | 2 v. (2430 p.) : |
| Other physical details | ill. ; |
| Dimensions | 29 cm. |
| 538 ## - SYSTEM DETAILS NOTE | |
| System details note | Almirah No.19 Shelf No.4 |
| 650 #0 - SUBJECT ADDED ENTRY--TOPICAL TERM | |
| Topical term or geographic name entry element | English language |
| General subdivision | Dictionaries. |
| 710 2# - ADDED ENTRY--CORPORATE NAME | |
| Corporate name or jurisdiction name as entry element | World Book, Inc. |
| Withdrawn status | Lost status | Source of classification or shelving scheme | Damaged status | Not for loan | Collection code | Permanent Location | Current Location | Date acquired | Total Checkouts | Full call number | Barcode | Date last seen | Price effective from | Koha item type | Public note |
|---|---|---|---|---|---|---|---|---|---|---|---|---|---|---|---|
| Military College of Signals (MCS) | Military College of Signals (MCS) | 12/12/2016 | 423 WOR | MCS30904 | 12/08/2016 | 12/12/2016 | Book | ||||||||
| Military College of Signals (MCS) | Military College of Signals (MCS) | 12/12/2016 | 423 WOR | MCS30905 | 12/08/2016 | 12/12/2016 | Book | ||||||||
| Military College of Signals (MCS) | Military College of Signals (MCS) | 12/12/2016 | 423,WOR | MCS30906 | 12/08/2016 | 12/12/2016 | Book | Almirah No.12, Shelf No.3 | |||||||
| Military College of Signals (MCS) | Military College of Signals (MCS) | 12/12/2016 | 423,WOR | MCS30907 | 12/08/2016 | 12/12/2016 | Book | Almirah No.12, Shelf No.3 |
